| 000 | 01115nam a2200253 i 4500 | ||
|---|---|---|---|
| 001 | 68354 | ||
| 003 | ES-MaACL | ||
| 005 | 20250813063308.0 | ||
| 007 | t| | ||
| 008 | 960731s1877 sp |||| | spa d | ||
| 100 | 1 |
_aGarcía Ayuso, Francisco, _d1835-1897 _954202 |
|
| 245 | 1 | 0 |
_aViaje de Rohlfs, de Trípoli a Lagos a través del desierto de Sahara / _credactado con sujeción a sus memorias y relaciones por F. García Ayuso. |
| 260 |
_aMadrid : _b[s.n.] ; _aParis : _bMaisonneuve et c., _c[1877] ( _eMadrid : _fEst. tipográfico de M. Minuesa de los Rios) |
||
| 300 |
_a61, [6] p. ; _c26 cm. |
||
| 510 | 3 | _aSeparata de: Descubrimientos geográficos modernos | |
| 530 | _aDisponible en formato digital. | ||
| 600 | 1 | 4 |
_aRohlfs, Gerhard. _998982 |
| 651 | 4 |
_aLibia- _xDescripción. _9153649 |
|
| 651 | 4 |
_aNíger- _xDescripción. _9153650 |
|
| 651 | 4 |
_aNigeria- _xDescripción. _9153651 |
|
| 852 |
_aES-MaACL _jT-328-F-2 |
||
| 856 |
_uhttp://bibliotecadigitalhispanica.bne.es:80/webclient/DeliveryManager?pid=1843226&custom_att_2=simple_viewer _zBiblioteca Digital Hispánica |
||
| 999 |
_c68354 _d68354 |
||